Counsel to the president : (Record no. 636)

000 -LEADER
fixed length control field 01412nam a22003977a 4500
001 - CONTROL NUMBER
control field 1527488
003 - CONTROL NUMBER IDENTIFIER
control field OSt
005 - DATE AND TIME OF LATEST TRANSACTION
control field 20210421062458.0
008 - FIXED-LENGTH DATA ELEMENTS--GENERAL INFORMATION
fixed length control field 900910s1991 nyua b 001 0aeng
010 ## - LIBRARY OF CONGRESS CONTROL NUMBER
LC control number 90052924
020 ## - INTERNATIONAL STANDARD BOOK NUMBER
International Standard Book Number 0394569954 :
040 ## - CATALOGING SOURCE
Original cataloging agency eng
Transcribing agency DLC
Modifying agency eng
Language of cataloging eng
041 ## - LANGUAGE CODE
Language code of text/sound track or separate title eng
043 ## - GEOGRAPHIC AREA CODE
Geographic area code n-us---
050 00 - LIBRARY OF CONGRESS CALL NUMBER
Classification number E840.8.C55
Item number A3 1991
080 ## - UNIVERSAL DECIMAL CLASSIFICATION NUMBER
Universal Decimal Classification number 92
Item number C-61
082 00 - DEWEY DECIMAL CLASSIFICATION NUMBER
Classification number 973.9/092
-- B
Edition number 20
100 1# - MAIN ENTRY--PERSONAL NAME
Personal name Clifford, Clark M.,
Dates associated with a name 1906-1998.
245 10 - TITLE STATEMENT
Title Counsel to the president :
Remainder of title a memoir /
Statement of responsibility, etc. Clark Clifford with Richard Holbrooke.
250 ## - EDITION STATEMENT
Edition statement 1st ed.
260 ## - PUBLICATION, DISTRIBUTION, ETC.
Place of publication, distribution, etc. New York :
Name of publisher, distributor, etc. Random House,
Date of publication, distribution, etc. c1991.
300 ## - PHYSICAL DESCRIPTION
Extent xix, 709 p. :
Other physical details ill. ;
Dimensions 25 cm.
365 ## - TRADE PRICE
Price amount 25 usd
504 ## - BIBLIOGRAPHY, ETC. NOTE
Bibliography, etc. note Includes bibliographical references (p. [671]-676) and index.
600 10 - SUBJECT ADDED ENTRY--PERSONAL NAME
Personal name Clifford, Clark M.,
Dates associated with a name 1906-1998.
650 #0 - SUBJECT ADDED ENTRY--TOPICAL TERM
Topical term or geographic name entry element Statesmen
Geographic subdivision United States
Form subdivision Biography.
650 #0 - SUBJECT ADDED ENTRY--TOPICAL TERM
Topical term or geographic name entry element Biography
9 (RLIN) 237
650 #0 - SUBJECT ADDED ENTRY--TOPICAL TERM
Topical term or geographic name entry element Lawyers
Geographic subdivision United States
Form subdivision Biography.
651 #0 - SUBJECT ADDED ENTRY--GEOGRAPHIC NAME
Geographic name United States
General subdivision Politics and government
Chronological subdivision 1945-1989.
653 ## - INDEX TERM--UNCONTROLLED
Uncontrolled term ბიოგრაფია
653 ## - INDEX TERM--UNCONTROLLED
Uncontrolled term პლიტიკა და მმართველობა
700 1# - ADDED ENTRY--PERSONAL NAME
Personal name Holbrooke, Richard C.,
Dates associated with a name 1941-2010.
906 ## - LOCAL DATA ELEMENT F, LDF (RLIN)
a 7
b cbc
c orignew
d 1
e ocip
f 19
g y-gencatlg
942 ## - ADDED ENTRY ELEMENTS (KOHA)
Source of classification or shelving scheme
Koha item type Books
Edition 1
Holdings
Withdrawn status Lost status Source of classification or shelving scheme Damaged status Not for loan Permanent location Current location Date acquired Inventory number Total Checkouts Full call number Barcode Date last seen Price effective from Koha item type
          Ken Walker International University Ken Walker International University 12/15/2020 811   92 C-61 811 12/15/2020 12/15/2020 Books

Powered by Koha